000 00647nam a2200217 a 4500
001 BRCA_7091
005 20190320205717.0
008 091211s1909----gw-a######---#000-0#ger-#
041 _ager
044 _agw
050 4 _aCT1098.G8
_b.B7 1909
100 1 _aBraun, Lily
_917625
245 1 0 _aIm schatten der Titanen
_berinnerungsbuch an Baronin Jenny von Gustedt
_cvon Lily Braun
260 _aBerlín
_bHe´rmann Klemm
_c[c1909]
300 _a435 p.
_bil.
_c20 cm.
500 _aIncluye referencias bibliográficas
500 _aO97
600 1 4 _aGustedt, Jenny (von Pappenheim)
_cFrelin de
_d1811-1890
_917626
902 _aGFM
942 _2lcc
_cB
999 _c6772
_d6772